000 01196cam a22003737a 4500
001 3821
003 FISKH
005 20240515114947.0
008 130409s2010 ilua j 000 1 eng d
010 _a 2013370063
020 _a9781588655783
020 _a1588655784
035 _a(OCoLC)ocn657850585
040 _aHHO
_cHHO
_dHHO
_dIHY
_dDLC
_beng
042 _alccopycat
050 0 0 _aPZ7.M61865
_bWi 2010
082 _a508.2
100 1 _aMiller, Jonathan
_c(Illustrator)
245 1 0 _aWinter, spring, summer, fall /
_c[illustrated by Jonathan Miller].
260 _aChicago :
_bKidsbooks,
_c2013.
300 _a16 unnumbered pages ;
_bcolor illustrations ;
_c30 cm
490 0 _aSearch & find
500 _aCover title.
500 _aOn board pages.
520 _aLearn words for various things at the playground, at a party, downtown, on a shopping trip, at school, in the country and at home.
650 0 _aVocabulary
_vJuvenile fiction.
650 0 _aPicture puzzles
_vJuvenile fiction.
650 0 _aBoard books.
650 1 _aVocabulary.
650 1 _aPicture puzzles.
906 _a7
_bcbc
_ccopycat
_d2
_encip
_f20
_gy-gencatlg
942 _2ddc
_cBK
_n0
999 _c3821
_d3821